00529nam a22001457a 4500003000500000005001700005020002200022082001900044245008200063260005800145300001600203942001200219999001900231952013300250NUST20221007094737.0 a978-955-8089-06-4 a940.93012, SIL aSilent Heroes:bThe Chronicles and Histories of the Sri lanka Signals Crops  aSri LankabSoftware printing and packaging Ltd c2020 a396: pages  2ddccBK c591561d591561 00102ddc4070aMCSbMCScGENd2022-10-07o940.93012,SILpMCS38597r2022-10-07w2022-10-07yBKzAlmirah Fresh No.45, Shelf No.6